000 00812nam a2200265 a 4500
001 000012937
003 DO-SdBNP
005 20241021092515.0
007 ta
008 091118s2004 dr 001 j spa d
020 _a9993404470
040 _aDO-SdBNP
_bspa
_cBNPHU
082 4 _aRD863.44
_bS684c
_222
100 1 _aSolano, Miguel,
_91543
245 1 3 _aEl culpable /
_cMiguel Solano ; prólogo Simona Pytlova.
260 _aSanto Domingo :
_bCocolo,
_c2004.
300 _a95 p. ;
_c21 cm.
500 _aIncluye datos biográficos del autor en la solapa de la cubierta.
590 _aInventariado, 2021/MFF
650 0 _aCuentos dominicanos
_9176
650 0 _aLiteratura dominicana.
_967
700 1 _aPytlova, Simona
_epról.
_929844
910 _aValidado. Control de calidad MFF
942 _2ddc
_cLBS1
999 _c12585
_d12585